Guía de Salamanca / (Record no. 53574)

MARC details
000 -LEADER
campo de control de longitud fija 00629nam a2200205 i 4500
001 - NÚMERO DE CONTROL
campo de control 53574
003 - IDENTIFICADOR DE NÚMERO DE CONTROL
campo de control ES-MaACL
005 - FECHA Y HORA DE LA ÚLTIMA TRANSACCIÓN
campo de control 20250905063040.0
007 - CAMPO FIJO DE DESCRIPCIÓN FÍSICA--INFORMACIÓN GENERAL
campo de control de longitud fija t|
008 - DATOS DE LONGITUD FIJA--INFORMACIÓN GENERAL
campo de control de longitud fija 960627s1868 sp ||||1| spa d
040 ## - FUENTE DE CATALOGACIÓN
Centro catalogador/agencia de origen CAM
Lengua de catalogación spa
Centro/agencia transcriptor CAM
100 1# - ENTRADA PRINCIPAL--NOMBRE DE PERSONA
Nombre de persona Falcón, Modesto,
Fechas asociadas al nombre 1828-1902
9 (RLIN) 48708
245 10 - MENCIÓN DEL TÍTULO
Título Guía de Salamanca /
Mención de responsabilidad, etc. por Modesto Falcón.
260 ## - PUBLICACIÓN, DISTRIBUCIÓN, ETC.
Lugar de publicación, distribución, etc. Salamanca :
Nombre del editor, distribuidor, etc. [s.n.],
Fecha de publicación, distribución, etc. 1868 (
Fabricante Establecimiento tipografico de Oliva)
300 ## - DESCRIPCIÓN FÍSICA
Extensión 126, [1] p. ;
Dimensiones 15 cm.
651 #4 - PUNTO DE ACCESO ADICIONAL DE MATERIA--NOMBRE GEOGRÁFICO
Nombre geográfico Salamanca-
Subdivisión de forma Guías turísticas.
9 (RLIN) 155396
852 ## - LOCALIZACIÓN
Ubicación ES-MaACL
Número de control de estantería T-1099-F-2
852 ## - LOCALIZACIÓN
Ubicación ES-MaACL
Número de control de estantería T-643-F-3
Holdings
Estatus retirado Estado de pérdida Estado de daño No para préstamo Colección Biblioteca de origen Biblioteca actual Ubicación en estantería Fecha de adquisición Fuente de adquisición Total de préstamos Signatura topográfica completa Código de barras Visto por última vez Precio de reemplazo Tipo de ítem Koha
        Colección de folletos Biblioteca del Ateneo de Madrid Biblioteca del Ateneo de Madrid Depósito folletos 13/05/2005     T-643-F-3 1201939 23/02/2023 23/02/2023 Folleto
        Colección de folletos Biblioteca del Ateneo de Madrid Biblioteca del Ateneo de Madrid Depósito folletos 17/01/2008     T-1099-F-2 1056296 23/02/2023 23/02/2023 Folleto